[Event "POL-ch Seniors"]
[Site "Szklarska Poreba"]
[Date "2022.05.19"]
[Round "8"]
[White "Hoffmann, Piotr"]
[Black "Wasik, Jozef"]
[Result "0-1"]
[WhiteElo "1546"]
[BlackElo "1579"]
[PlyCount "84"]
[EventDate "2022.05.13"]
[EventType "swiss"]
[EventRounds "9"]
[EventCountry "POL"]
[SourceTitle "EXT 2024"]
[Source "ChessBase"]
[SourceDate "2023.10.10"]
[SourceVersion "1"]
[SourceVersionDate "2023.10.10"]
[SourceQuality "1"]

1. Nc3 c5 2. d4 cxd4 3. Qxd4 Nc6 4. Qh4 g6 5. Bd2 Bg7 6. Nf3 d5 7. e3 Bf5 8. Qa4 Nf6 9. Nd4 Bd7 10. Nxc6 Qb6 11. Qb3 Qxc6 12. Bb5 Qd6 13. Bxd7+ Qxd7 14. 0-0 0-0 15. Rad1 e6 16. Bc1 Qc6 17. Ne2 a6 18. Nd4 Qc7 19. f3 Rac8 20. c3 Nd7 21. Qc2 b5 22. Qe2 Nc5 23. Bd2 Be5 24. g3 Na4 25. Be1 Qc4 26. Qxc4 bxc4 27. Rf2 Rc7 28. Rc2 Bxd4 29. cxd4 Rb8 30. Ba5 Rcb7 31. b3 cxb3 32. axb3 Rxb3 33. Rc6 Nb2 34. Rdc1 Nc4 35. Bc3 a5 36. e4 a4 37. exd5 exd5 38. Rc5 a3 39. Rxd5 a2 40. Ra1 Rb1+ 41. Kg2 Rxa1 42. Bxa1 Rb1 0-1

[Event "POL-ch Seniors"]
[Site "Szklarska Poreba"]
[Date "2022.05.17"]
[Round "6"]
[White "Hoffmann, Piotr"]
[Black "Przystawko, Roman"]
[Result "1-0"]
[WhiteElo "1546"]
[BlackElo "1648"]
[PlyCount "137"]
[EventDate "2022.05.13"]
[EventType "swiss"]
[EventRounds "9"]
[EventCountry "POL"]
[SourceTitle "EXT 2024"]
[Source "ChessBase"]
[SourceDate "2023.10.10"]
[SourceVersion "1"]
[SourceVersionDate "2023.10.10"]
[SourceQuality "1"]

1. Nc3 d5 2. e3 Bf5 3. d4 Nf6 4. Bd3 Bxd3 5. Qxd3 c6 6. Nf3 e6 7. 0-0 Nbd7 8. e4 dxe4 9. Nxe4 Nxe4 10. Qxe4 Nf6 11. Qe2 h6 12. b3 Bd6 13. Bb2 0-0 14. Ne5 Qc7 15. g3 Qe7 16. Nc4 b5 17. Ne5 Qc7 18. a4 a6 19. Rac1 Nd7 20. Nxd7 Qxd7 21. c4 b4 22. Rcd1 Be7 23. Rd2 Bf6 24. Rfd1 Rfd8 25. Rd3 a5 26. Qf3 Rac8 27. Bc1 Be7 28. Qg4 Kf8 29. Qh5 Qc7 30. Be3 c5 31. d5 Qb6 32. dxe6 Qxe6 33. Rxd8+ Rxd8 34. Rxd8+ Bxd8 35. Qxc5+ Ke8 36. Qd4 Qg6 37. Qe5+ Kf8 38. Bc5+ Kg8 39. Qe8+ Kh7 40. Qxd8 Qb1+ 41. Kg2 Qe4+ 42. f3 Qc2+ 43. Bf2 Qxb3 44. Qxa5 Qxc4 45. Qf5+ g6 46. Qf6 Qa2 47. Kh3 Qxf2 48. Qxf7+ Kh8 49. Qf8+ Kh7 50. Qxb4 Qxf3 51. Qb5 g5 52. a5 Qh5+ 53. Kg2 Qd1 54. a6 g4 55. Kf2 Kg6 56. Ke3 Qf3+ 57. Kd4 Qf6+ 58. Kc5 Qe7+ 59. Kb6 Qd8+ 60. Kb7 Qe7+ 61. Kb6 Qd8+ 62. Kb7 Qe7+ 63. Ka8 Qd8+ 64. Ka7 Qe7+ 65. Qb7 Qe8 66. Qc7 Kg5 67. Qg7+ Kf5 68. Qxh6 Qb5 69. Qh5+ 1-0

[Event "Poznan op 28th"]
[Site "Poznan"]
[Date "2021.08.21"]
[Round "8"]
[White "Gusakov, Pavel"]
[Black "Hoffmann, Piotr"]
[Result "1-0"]
[WhiteElo "2137"]
[BlackElo "1579"]
[PlyCount "85"]
[EventDate "2021.08.15"]
[EventType "swiss"]
[EventRounds "9"]
[EventCountry "POL"]
[SourceTitle "CBM 203 Extra"]
[Source "ChessBase"]
[SourceDate "2021.09.30"]
[SourceVersion "1"]
[SourceVersionDate "2021.09.30"]
[SourceQuality "1"]

1. e4 e5 2. Nf3 Nc6 3. Bc4 Nf6 4. d3 Be7 5. c3 0-0 6. Nbd2 d5 7. exd5 Nxd5 8. 0-0 Bg4 9. Bb5 a6 10. Bxc6 bxc6 11. Qa4 Bxf3 12. Nxf3 Qd6 13. Re1 Bf6 14. d4 exd4 15. Nxd4 Bxd4 16. Qxd4 Rfe8 17. Bg5 c5 18. Qd2 f6 19. Bh4 Qc6 20. Bg3 Rad8 21. Rxe8+ Rxe8 22. Rd1 c4 23. h3 Nb6 24. Qf4 Rc8 25. Rd4 Qb5 26. Qd2 Kf7 27. Qe2 Re8 28. Qc2 g6 29. Kh2 Qc6 30. Qd2 Kg7 31. Bf4 g5 32. Be3 Re7 33. Bxg5 fxg5 34. Qxg5+ Kf7 35. Rf4+ Ke8 36. Qg8+ Kd7 37. Rd4+ Qd6+ 38. Rxd6+ cxd6 39. Qg4+ Kc7 40. a4 d5 41. Qd4 Rd7 42. Qc5+ Kb7 43. a5 1-0

[Event "Poznan op 27th"]
[Site "Poznan"]
[Date "2019.08.20"]
[Round "4"]
[White "Hoffmann, Piotr"]
[Black "Cholewa, Jan"]
[Result "1-0"]
[WhiteElo "1635"]
[BlackElo "1192"]
[PlyCount "101"]
[EventDate "2019.08.18"]
[EventType "swiss"]
[EventRounds "9"]
[EventCountry "POL"]
[SourceTitle "EXT 2020"]
[Source "ChessBase"]
[SourceDate "2019.10.17"]
[SourceVersion "1"]
[SourceVersionDate "2019.10.17"]
[SourceQuality "1"]

1. Nc3 e5 2. Nf3 Nc6 3. d4 exd4 4. Nxd4 Bc5 5. Nxc6 bxc6 6. e4 Bb7 7. Qh5 Bd4 8. Bc4 Bxc3+ 9. bxc3 d5 10. Qe5+ Qe7 11. Qxe7+ Nxe7 12. Bd3 0-0 13. 0-0 Rfe8 14. e5 Ng6 15. f4 a5 16. Bd2 Ba6 17. Rab1 Bxd3 18. cxd3 Rab8 19. Kf2 Rb6 20. Be3 Rb5 21. a4 Rbb8 22. g3 Ne7 23. g4 h6 24. h4 g6 25. Bc5 Kg7 26. Rxb8 Rxb8 27. Bxe7 Rb6 28. Bf6+ Kf8 29. Rc1 Ke8 30. c4 d4 31. Ke2 Rb2+ 32. Kf3 Rb4 33. Ke4 Rxa4 34. Kxd4 Ra3 35. Kc5 a4 36. Kxc6 Rxd3 37. Rb1 Rb3 38. Rxb3 axb3 39. e6 fxe6 40. Kxc7 Kf7 41. Bc3 Ke7 42. c5 e5 43. fxe5 Ke6 44. Kb7 Kd5 45. e6 Kc4 46. Bb2 Kd3 47. e7 Kc2 48. Ba3 Kb1 49. e8Q b2 50. Qe5 h5 51. Qxb2# 1-0

[Event "Poznan op 27th"]
[Site "Poznan"]
[Date "2019.08.18"]
[Round "2"]
[White "Hoffmann, Piotr"]
[Black "Niemier, Martyna"]
[Result "1-0"]
[WhiteElo "1635"]
[BlackElo "1231"]
[PlyCount "89"]
[EventDate "2019.08.18"]
[EventType "swiss"]
[EventRounds "9"]
[EventCountry "POL"]
[SourceTitle "EXT 2020"]
[Source "ChessBase"]
[SourceDate "2019.10.17"]
[SourceVersion "1"]
[SourceVersionDate "2019.10.17"]
[SourceQuality "1"]

1. Nc3 Nf6 2. d4 d5 3. Nf3 Bg4 4. Bf4 e6 5. a3 c5 6. Ne5 Nc6 7. Nxg4 Nxg4 8. e4 dxe4 9. Qxg4 Nxd4 10. Qd1 f5 11. Bb5+ Nc6 12. Bxc6+ bxc6 13. 0-0 Be7 14. Qe2 0-0 15. Qc4 Rf6 16. Rfd1 Qe8 17. Ne2 Rg6 18. Ng3 Rg4 19. Qxe6+ Kh8 20. Qxf5 Rg6 21. Qxe4 Qf8 22. Rd7 Bf6 23. c3 a5 24. Re1 Bh4 25. Rd3 Rf6 26. Rf3 Ra7 27. Be5 Rxf3 28. Qxf3 Rf7 29. Qg4 Bf6 30. Bxf6 Rxf6 31. Qe2 h6 32. f3 Rd6 33. Qe8 Qxe8 34. Rxe8+ Kh7 35. Re2 Rd1+ 36. Kf2 c4 37. Ne4 Rh1 38. h3 Rd1 39. Rd2 Rxd2+ 40. Nxd2 a4 41. Nxc4 c5 42. Nb6 c4 43. Nxc4 g5 44. Nb6 h5 45. Nxa4 1-0

[Event "Poznan op 27th"]
[Site "Poznan"]
[Date "2019.08.18"]
[Round "1"]
[White "Zakrzewski, Marek"]
[Black "Hoffmann, Piotr"]
[Result "1-0"]
[WhiteElo "2311"]
[BlackElo "1635"]
[PlyCount "77"]
[EventDate "2019.08.18"]
[EventType "swiss"]
[EventRounds "9"]
[EventCountry "POL"]
[SourceTitle "EXT 2020"]
[Source "ChessBase"]
[SourceDate "2019.10.17"]
[SourceVersion "1"]
[SourceVersionDate "2019.10.17"]
[SourceQuality "1"]

1. e4 d5 2. exd5 Qxd5 3. Nc3 Qd8 4. d4 Nf6 5. Bc4 Bg4 6. f3 Bh5 7. Nge2 e6 8. Be3 c6 9. h4 Bg6 10. Nf4 Bd6 11. Nce2 Nd5 12. Bxd5 exd5 13. h5 Bf5 14. Qd2 h6 15. Nd3 Na6 16. Bf4 Qe7 17. Bxd6 Qxd6 18. 0-0-0 0-0-0 19. Ne5 Rhf8 20. Qf4 Be6 21. g4 Qe7 22. Qg3 c5 23. dxc5 Nb4 24. a3 Qxc5 25. axb4 Qe3+ 26. Rd2 Rd6 27. b5 Rb6 28. Nd4 Qg5 29. f4 Qd8 30. Re1 a6 31. Qc3+ Kb8 32. f5 Bd7 33. Nxd7+ Qxd7 34. Qc5 Rd6 35. bxa6 b6 36. Qb5 Qc7 37. Re8+ Rd8 38. Rxd8+ Rxd8 39. Nc6+ 1-0

[Event "Srem-ch LKS Piast"]
[Site "Srem"]
[Date "2019.02.16"]
[Round "2.5"]
[White "Hoffmann, Piotr"]
[Black "Lisiecki, Robert"]
[Result "1/2-1/2"]
[WhiteElo "1649"]
[BlackElo "1820"]
[PlyCount "114"]
[EventDate "2019.02.15"]
[EventType "tourn"]
[EventRounds "9"]
[EventCountry "POL"]
[SourceTitle "EXT 2023"]
[Source "ChessBase"]
[SourceDate "2022.10.05"]
[SourceVersion "1"]
[SourceVersionDate "2022.10.05"]
[SourceQuality "1"]

1. Nc3 d5 2. e4 d4 3. Nce2 e5 4. Ng3 Be6 5. Nf3 f6 6. Bb5+ Nd7 7. 0-0 Bd6 8. Nf5 Bxf5 9. exf5 c6 10. Bc4 Qc7 11. c3 0-0-0 12. cxd4 e4 13. Ne1 Bxh2+ 14. Kh1 Nh6 15. Qh5 Bf4 16. g3 Bg5 17. Be6 g6 18. Qh3 Nxf5 19. Bxf5 gxf5 20. Qxf5 Rde8 21. Ng2 Qd6 22. d3 Bxc1 23. Raxc1 Qxd4 24. Rcd1 Re5 25. dxe4 Rxf5 26. Rxd4 Rh5+ 27. Nh4 Re8 28. Kg2 c5 29. Rc1 Kd8 30. Rd6 Rxe4 31. Rcd1 Rd4 32. R6xd4 cxd4 33. Rxd4 Re5 34. a3 Rb5 35. b4 Ke7 36. Nf3 Nb6 37. Rh4 h5 38. Nd4 Rd5 39. Ne2 Rb5 40. g4 Rg5 41. Kf1 Rxg4 42. Rxh5 Rg7 43. Rc5 Kd6 44. Nd4 Rg5 45. Nb5+ Ke6 46. Rxg5 fxg5 47. Nxa7 Kd5 48. Nb5 Nc4 49. a4 Nb2 50. a5 Nd3 51. a6 bxa6 52. Nc7+ Kc4 53. Nxa6 Nxf2 54. Kxf2 Kb5 55. Kg3 Kxa6 56. Kg4 Kb5 57. Kxg5 Kxb4 1/2-1/2

[Event "Srem-ch LKS Piast"]
[Site "Srem"]
[Date "2019.02.16"]
[Round "6.3"]
[White "Hoffmann, Piotr"]
[Black "Skrzypczak, Michal"]
[Result "0-1"]
[WhiteElo "1649"]
[BlackElo "1858"]
[PlyCount "82"]
[EventDate "2019.02.15"]
[EventType "tourn"]
[EventRounds "9"]
[EventCountry "POL"]
[SourceTitle "EXT 2023"]
[Source "ChessBase"]
[SourceDate "2022.10.05"]
[SourceVersion "1"]
[SourceVersionDate "2022.10.05"]
[SourceQuality "1"]

1. Nc3 c5 2. a3 d5 3. Nf3 Nc6 4. e3 a6 5. d4 e6 6. Be2 Nf6 7. 0-0 Bd6 8. dxc5 Bxc5 9. Nd4 0-0 10. b4 Ba7 11. Bb2 Re8 12. Qd2 Qc7 13. Rad1 Bd7 14. Nb3 Ne5 15. h3 Rac8 16. Nd4 Bb8 17. f4 Ng6 18. Bd3 e5 19. Bxg6 exd4 20. Bxf7+ Kxf7 21. Qxd4 Qc4 22. Qd2 Ba7 23. Rde1 d4 24. Ne2 dxe3 25. Qd1 Bb5 26. Bxf6 gxf6 27. f5 Rcd8 28. Qa1 Rd2 29. Rf4 Qxc2 30. Rc1 Qb2 31. Rc7+ Re7 32. Rxe7+ Kxe7 33. Re4+ Kf7 34. Qf1 Bxe2 35. Qf4 Qc1+ 36. Kh2 Qc8 37. Qh6 Bb8+ 38. Rf4 Qxf5 39. g3 Bh5+ 40. Kg1 Bxf4 41. gxf4 Qb1# 0-1

[Event "Srem-ch LKS Piast"]
[Site "Srem"]
[Date "2019.02.16"]
[Round "8.2"]
[White "Hoffmann, Piotr"]
[Black "Wojtkowski, Pawel"]
[Result "0-1"]
[WhiteElo "1649"]
[BlackElo "1877"]
[PlyCount "74"]
[EventDate "2019.02.15"]
[EventType "tourn"]
[EventRounds "9"]
[EventCountry "POL"]
[SourceTitle "EXT 2023"]
[Source "ChessBase"]
[SourceDate "2022.10.05"]
[SourceVersion "1"]
[SourceVersionDate "2022.10.05"]
[SourceQuality "1"]

1. Nc3 c5 2. d4 d5 3. e4 dxe4 4. Bb5+ Bd7 5. dxc5 Qa5 6. Bxd7+ Nxd7 7. a3 Qxc5 8. Be3 Qc6 9. Nge2 e5 10. Ng3 Ngf6 11. 0-0 Bc5 12. Qe2 0-0 13. Rfe1 Rfe8 14. Rad1 Bxa3 15. Ncxe4 Bxb2 16. Nd6 Re6 17. Ndf5 Ba3 18. Rd3 Bf8 19. Red1 Rc8 20. Rc1 Qa4 21. Qd1 a5 22. Rb3 Qc6 23. Bd2 Nc5 24. Rbb1 Nce4 25. Bxa5 Ba3 26. Rb6 Qc5 27. Rxe6 fxe6 28. Nxe4 Nxe4 29. Nh6+ gxh6 30. Qg4+ Ng5 31. Rf1 Qxa5 32. h4 Qb4 33. Qg3 Qc3 34. Qg4 Qd4 35. Qg3 Rc3 36. Qh2 Rh3 37. gxh3 Nf3+ 0-1

[Event "Poznan op 26th"]
[Site "Poznan"]
[Date "2018.08.25"]
[Round "8"]
[White "Lesien, Przemyslaw"]
[Black "Hoffmann, Piotr"]
[Result "1-0"]
[WhiteElo "1793"]
[BlackElo "1649"]
[PlyCount "102"]
[EventDate "2018.08.19"]
[EventType "swiss"]
[EventRounds "9"]
[EventCountry "POR"]
[SourceTitle "CBM 186 Extra"]
[Source "ChessBase"]
[SourceDate "2018.08.24"]
[SourceVersion "1"]
[SourceVersionDate "2018.08.24"]
[SourceQuality "1"]

1. e4 e5 2. Nf3 Nc6 3. Bc4 Nf6 4. 0-0 Nxe4 5. Bd5 Nf6 6. Bxc6 dxc6 7. Nxe5 Bc5 8. c3 0-0 9. d4 Bd6 10. Bg5 Bxe5 11. dxe5 Qxd1 12. Rxd1 Ne4 13. Be3 f6 14. f3 Ng5 15. Bxg5 fxg5 16. Nd2 g4 17. Kf2 Be6 18. Ke3 gxf3 19. gxf3 Rad8 20. b3 Rd7 21. Ne4 b6 22. Rxd7 Bxd7 23. Rg1 Bf5 24. Nf6+ Kf7 25. Nh5 Bg6 26. Nf4 Bf5 27. e6+ Kg8 28. Nh5 Bg6 29. Nf4 Bf5 30. Rg5 g6 31. Kd4 Bb1 32. Nh5 Kh8 33. Nf6 Rxf6 34. e7 Re6 35. Re5 Rxe7 36. Rxe7 Bxa2 37. b4 a5 38. bxa5 bxa5 39. Rxc7 Bd5 40. f4 a4 41. c4 Bf3 42. Ra7 Bd1 43. Kc5 Bb3 44. Kb4 h6 45. Rc7 g5 46. f5 Bc2 47. f6 Be4 48. Kxa4 h5 49. Rg7 g4 50. Rg5 g3 51. hxg3 h4 1-0

[Event "Poznan op 26th"]
[Site "Poznan"]
[Date "2018.08.21"]
[Round "4"]
[White "Nowak, Patrycja"]
[Black "Hoffmann, Piotr"]
[Result "0-1"]
[WhiteElo "1221"]
[BlackElo "1649"]
[PlyCount "102"]
[EventDate "2018.08.19"]
[EventType "swiss"]
[EventRounds "9"]
[EventCountry "POR"]
[SourceTitle "CBM 186 Extra"]
[Source "ChessBase"]
[SourceDate "2018.08.24"]
[SourceVersion "1"]
[SourceVersionDate "2018.08.24"]
[SourceQuality "1"]

1. d4 c5 2. Bf4 cxd4 3. Qxd4 Nc6 4. Qd1 e5 5. Bg3 d5 6. e3 Bb4+ 7. c3 Be7 8. Bb5 Bf6 9. h3 a6 10. Ba4 Nge7 11. Ne2 0-0 12. 0-0 Qb6 13. Bb3 Bf5 14. Nd2 Rad8 15. Nf3 Rd7 16. Bh4 Bxh4 17. Nxh4 Be6 18. Nf3 h6 19. Qd2 Rfd8 20. Ba4 Qc7 21. Bxc6 Nxc6 22. Rfd1 f5 23. Qc2 Rf7 24. Rac1 Rdf8 25. Nh4 Rf6 26. f4 g5 27. fxg5 hxg5 28. Nf3 Qg7 29. Ng3 Rh6 30. Rf1 f4 31. exf4 gxf4 32. Nh1 Bxh3 33. Qf2 Bxg2 34. Qxg2 Rg6 35. Qxg6 Qxg6+ 36. Kf2 Kh8 37. Rce1 e4 38. Rg1 Qd6 39. Ng5 Qc5+ 40. Ke2 Qc4+ 41. Kd2 Qxa2 42. Kc2 Na5 43. Re2 Nc4 44. Rh2+ Kg7 45. Nxe4+ Kf7 46. Ng5+ Ke8 47. Re1+ Ne3+ 48. Kd3 Qc4+ 49. Kd2 d4 50. Ree2 dxc3+ 51. bxc3 Qd5+ 0-1

[Event "Poznan op 26th"]
[Site "Poznan"]
[Date "2018.08.19"]
[Round "2"]
[White "Korzystka, Wiktor"]
[Black "Hoffmann, Piotr"]
[Result "1-0"]
[WhiteElo "1261"]
[BlackElo "1649"]
[PlyCount "78"]
[EventDate "2018.08.19"]
[EventType "swiss"]
[EventRounds "9"]
[EventCountry "POR"]
[SourceTitle "CBM 186 Extra"]
[Source "ChessBase"]
[SourceDate "2018.08.24"]
[SourceVersion "1"]
[SourceVersionDate "2018.08.24"]
[SourceQuality "1"]

1. e4 c6 2. d4 d5 3. exd5 cxd5 4. Nc3 Nf6 5. Bf4 g6 6. Bd3 Bg7 7. Nge2 0-0 8. Qd2 a6 9. 0-0-0 Nc6 10. f3 Nb4 11. g4 Nxd3+ 12. Qxd3 b5 13. h4 b4 14. Na4 Bd7 15. Nc5 Bb5 16. Qd2 Nd7 17. Nxd7 Qxd7 18. Ng3 Rfc8 19. Qxb4 Rc4 20. Qd2 Rac8 21. c3 Ba4 22. Rde1 Bxd4 23. Ne2 e5 24. Bg5 Qd6 25. Kb1 Ba7 26. b3 Qb6 27. Kc2 d4 28. bxa4 Rxc3+ 29. Nxc3 Rxc3+ 30. Kd1 f6 31. Bh6 Rxf3 32. Ke2 Qb7 33. Kd1 e4 34. Qc2 Rd3+ 35. Bd2 Kg7 36. Rh2 Bb8 37. Rhe2 Bf4 38. Qxd3 Qb2 39. Bxf4 e3 1-0

[Event "Poznan op 25th"]
[Site "Poznan"]
[Date "2017.08.26"]
[Round "8"]
[White "Hoffmann, Piotr"]
[Black "Zielinski, Olgierd"]
[Result "0-1"]
[WhiteElo "1651"]
[BlackElo "1869"]
[PlyCount "66"]
[EventDate "2017.08.20"]
[EventType "swiss"]
[EventRounds "9"]
[EventCountry "POL"]
[SourceTitle "CBM 180 Extra"]
[Source "ChessBase"]
[SourceDate "2017.10.06"]
[SourceVersion "1"]
[SourceVersionDate "2017.10.06"]
[SourceQuality "1"]

1. Nc3 c5 2. d4 cxd4 3. Qxd4 Nc6 4. Qh4 Nf6 5. Bg5 e6 6. Bxf6 Qxf6 7. Qxf6 gxf6 8. Nb5 Bb4+ 9. c3 Ba5 10. Nd6+ Ke7 11. 0-0-0 a6 12. Nf3 Bc7 13. Ne4 Ne5 14. Nxe5 fxe5 15. e3 f5 16. Nd2 b5 17. Rg1 Bb7 18. f3 Bb6 19. Bd3 Bxe3 20. Rge1 f4 21. Kc2 d5 22. Nf1 d4 23. Nxe3 dxe3 24. Bf1 e4 25. Be2 Rhg8 26. Rg1 Rad8 27. Rxd8 Kxd8 28. fxe4 Bxe4+ 29. Bd3 Rxg2+ 30. Rxg2 Bxg2 31. Bxh7 f3 32. Be4 f2 33. Bd3 Be4 0-1

[Event "Poznan op 24th"]
[Site "Poznan"]
[Date "2016.08.15"]
[Round "9"]
[White "Bednarska, Malgorzata"]
[Black "Hoffmann, Piotr"]
[Result "1-0"]
[WhiteElo "2037"]
[BlackElo "1747"]
[PlyCount "69"]
[EventDate "2016.08.08"]
[EventType "swiss"]
[EventRounds "9"]
[EventCountry "POL"]
[SourceTitle "EXT 2017"]
[Source "ChessBase"]
[SourceDate "2016.10.25"]
[SourceVersion "1"]
[SourceVersionDate "2016.10.25"]
[SourceQuality "1"]

1. e4 d5 2. exd5 Qxd5 3. Nc3 Qd8 4. d4 c6 5. Bc4 Nf6 6. Nf3 Bg4 7. Bxf7+ Kxf7 8. Ne5+ Kg8 9. Nxg4 h6 10. Ne5 Qe8 11. Qd3 Nbd7 12. Ng6 Rh7 13. 0-0 Qf7 14. Bf4 Nd5 15. Nxd5 cxd5 16. h4 Nf6 17. f3 e6 18. Rae1 Re8 19. Re2 Rc8 20. Rfe1 Nh5 21. Bh2 Re8 22. g4 Nf6 23. h5 Bb4 24. c3 Ba5 25. Kg2 Nd7 26. Nf4 Bc7 27. Rxe6 Rxe6 28. Nxe6 Bxh2 29. Kxh2 Qe7 30. Re2 Qd6+ 31. Kg2 Nf6 32. Qf5 Qa6 33. Nf4 Qc6 34. Ng6 Qb5 35. Qe6# 1-0

[Event "Poznan op 23rd"]
[Site "Poznan"]
[Date "2015.08.10"]
[Round "1"]
[White "Tomaszewski, Kacper"]
[Black "Hoffmann, Piotr"]
[Result "1-0"]
[WhiteElo "2215"]
[BlackElo "1670"]
[PlyCount "83"]
[EventDate "2015.08.10"]
[EventType "swiss"]
[EventRounds "9"]
[EventCountry "POL"]
[SourceTitle "CBM 167 Extra"]
[Source "ChessBase"]
[SourceDate "2015.09.14"]
[SourceVersion "1"]
[SourceVersionDate "2015.09.14"]
[SourceQuality "1"]

1. d4 e6 2. c4 f5 3. g3 Nf6 4. Bg2 Bb4+ 5. Bd2 Be7 6. Nc3 0-0 7. Nh3 c6 8. 0-0 d5 9. Qb3 Ne4 10. Nxe4 fxe4 11. Nf4 Qb6 12. Qxb6 axb6 13. Bh3 Kf7 14. f3 e3 15. Bxe3 dxc4 16. Bf2 g5 17. Ng2 Na6 18. Ne3 b5 19. Ng4 Nb4 20. a3 Nd5 21. e4 Nc7 22. f4 gxf4 23. gxf4 Ke8 24. Be3 e5 25. f5 exd4 26. Bxd4 Na6 27. Kh1 c5 28. Bg7 Rf7 29. Be5 Bg5 30. Bf4 Bh4 31. Nh6 Re7 32. e5 Bd7 33. Bg2 Bc6 34. Bxc6+ bxc6 35. f6 Re6 36. Nf5 Bxf6 37. exf6 Rxf6 38. Bg5 Rg6 39. Rae1+ Kd7 40. Re7+ Kc8 41. Rxh7 b4 42. Nd6+ 1-0

[Event "Srem-ch LKS Piast"]
[Site "Srem"]
[Date "2015.02.22"]
[Round "3.3"]
[White "Hoffmann, Piotr"]
[Black "Gorski, Boguslaw"]
[Result "1-0"]
[WhiteElo "1733"]
[BlackElo "1796"]
[PlyCount "79"]
[EventDate "2015.02.22"]
[EventType "tourn"]
[EventRounds "9"]
[EventCountry "POL"]
[SourceTitle "EXT 2023"]
[Source "ChessBase"]
[SourceDate "2022.10.05"]
[SourceVersion "1"]
[SourceVersionDate "2022.10.05"]
[SourceQuality "1"]

1. Nc3 d5 2. e4 dxe4 3. Nxe4 g6 4. d4 c6 5. Nf3 Bg7 6. Bc4 Nf6 7. Nxf6+ Bxf6 8. c3 0-0 9. Bh6 Re8 10. Qb3 e6 11. h4 Nd7 12. Ng5 Nb6 13. 0-0-0 Nxc4 14. Qxc4 Qd5 15. Qxd5 exd5 16. Rde1 Bd7 17. Kd2 Bg7 18. Bxg7 Kxg7 19. Nf3 Bf5 20. Rxe8 Rxe8 21. Re1 Rxe1 22. Nxe1 f6 23. f3 h5 24. g3 Kf7 25. Ke3 g5 26. f4 g4 27. Kd2 Ke6 28. Ng2 Be4 29. Ne3 f5 30. c4 Kd6 31. Kc3 a5 32. cxd5 cxd5 33. b4 b6 34. bxa5 bxa5 35. Kb3 Kc6 36. Nd1 Kb6 37. Nc3 Bf3 38. Na4+ Kc6 39. Nc5 Bd1+ 40. Kc3 1-0

[Event "Srem-ch LKS Piast"]
[Site "Srem"]
[Date "2015.02.22"]
[Round "5.5"]
[White "Hoffmann, Piotr"]
[Black "Wlodarczak, Damian"]
[Result "0-1"]
[WhiteElo "1733"]
[BlackElo "1639"]
[PlyCount "92"]
[EventDate "2015.02.22"]
[EventType "tourn"]
[EventRounds "9"]
[EventCountry "POL"]
[SourceTitle "EXT 2023"]
[Source "ChessBase"]
[SourceDate "2022.10.05"]
[SourceVersion "1"]
[SourceVersionDate "2022.10.05"]
[SourceQuality "1"]

1. Nc3 d5 2. e4 c6 3. d4 e6 4. Nf3 Nf6 5. Bd3 Bb4 6. 0-0 Bxc3 7. bxc3 dxe4 8. Bg5 exd3 9. cxd3 h6 10. Bh4 Nbd7 11. Qb3 Qb6 12. Qc2 0-0 13. Nd2 Nh5 14. Nc4 Qc7 15. Be7 Nb6 16. Bxf8 Kxf8 17. Ne5 Nd7 18. Ng4 b6 19. Qe2 Nhf6 20. Ne3 Bb7 21. f3 Nd5 22. Nd1 Qf4 23. g3 Qf5 24. Qd2 c5 25. Ne3 Qg5 26. f4 Qh5 27. Nc4 Ne7 28. Nd6 Bc6 29. c4 cxd4 30. Qf2 Qh3 31. Rfe1 Nf6 32. Re2 Ng4 33. Qxd4 Nxh2 34. Rxh2 Qxg3+ 35. Kf1 Qxh2 36. Ne4 Qxf4+ 37. Ke2 Nf5 38. Qg1 Bxe4 39. dxe4 Qxe4+ 40. Kd2 Rd8+ 41. Kc3 Qe3+ 42. Kb4 Qd2+ 43. Kb5 Qa5+ 44. Kc6 Nd4+ 45. Kb7 b5 46. c5 Rd7+ 0-1

[Event "Srem-ch LKS Piast"]
[Site "Srem"]
[Date "2015.02.22"]
[Round "4.4"]
[White "Janicki, Rafal"]
[Black "Hoffmann, Piotr"]
[Result "1-0"]
[WhiteElo "1367"]
[BlackElo "1733"]
[PlyCount "77"]
[EventDate "2015.02.22"]
[EventType "tourn"]
[EventRounds "9"]
[EventCountry "POL"]
[SourceTitle "EXT 2023"]
[Source "ChessBase"]
[SourceDate "2022.10.05"]
[SourceVersion "1"]
[SourceVersionDate "2022.10.05"]
[SourceQuality "1"]

1. e4 e5 2. Nf3 Nc6 3. Bb5 a6 4. Ba4 d6 5. Bxc6+ bxc6 6. d4 exd4 7. Nxd4 Bb7 8. 0-0 Nf6 9. Re1 Be7 10. Nf5 0-0 11. Qf3 Ne8 12. Qg3 Bf6 13. Nh6+ Kh8 14. Nxf7+ Rxf7 15. Qb3 Qe7 16. Qxb7 Rd8 17. Nd2 d5 18. Qxa6 Bd4 19. Nf3 Bb6 20. Bg5 Nf6 21. e5 Qc5 22. exf6 Qxf2+ 23. Kh1 gxf6 24. Bh6 Rg8 25. Qe2 Rd7 26. Qxf2 Bxf2 27. Re2 Bc5 28. c3 Rgd8 29. Nd4 Bxd4 30. cxd4 Kg8 31. Rc1 Kf7 32. Rxc6 Kg6 33. Bf4 Ra8 34. b3 Ra7 35. Be5 Rf7 36. Rf2 Kh5 37. Rcxf6 Rxf6 38. Bxf6 c6 39. Kg1 1-0

[Event "Poznan op 22nd"]
[Site "Poznan"]
[Date "2014.08.10"]
[Round "3"]
[White "Hoffmann, Piotr"]
[Black "Choroszej, Aleksander"]
[Result "0-1"]
[WhiteElo "1733"]
[BlackElo "2098"]
[PlyCount "138"]
[EventDate "2014.08.09"]
[EventType "swiss"]
[EventRounds "9"]
[EventCountry "POL"]
[SourceTitle "CBM 161 Extra"]
[Source "ChessBase"]
[SourceDate "2014.08.29"]
[SourceVersion "1"]
[SourceVersionDate "2014.08.29"]
[SourceQuality "1"]

1. Nc3 g6 2. d4 Bg7 3. e4 d6 4. Nf3 a6 5. h3 Nd7 6. Be3 b5 7. Bd3 Bb7 8. 0-0 c5 9. dxc5 Nxc5 10. Bxc5 dxc5 11. Re1 Qb6 12. Bf1 Rd8 13. Qe2 Bxc3 14. bxc3 Nf6 15. Qe3 0-0 16. Qf4 Kg7 17. c4 b4 18. Bd3 Ne8 19. Qe5+ f6 20. Qg3 e5 21. h4 h5 22. Nd2 Qd6 23. Nb3 Nc7 24. Qe3 Ne6 25. g3 Qc7 26. a3 Nd4 27. Nxd4 Rxd4 28. f3 Bc8 29. Qe2 a5 30. Kg2 Be6 31. g4 hxg4 32. fxg4 Qf7 33. axb4 axb4 34. Ra5 Bxc4 35. Rxc5 Bxd3 36. cxd3 Rfd8 37. Rec1 R8d7 38. Qb2 Qe6 39. Qe2 Rxd3 40. Rc7 Kh6 41. Rxd7 Qxd7 42. Rc2 b3 43. Rb2 Qd4 44. Kh2 Re3 45. Qg2 Qxe4 46. g5+ fxg5 47. hxg5+ Kh5 48. Qxe4 Rxe4 49. Rxb3 Kxg5 50. Kg3 Kf5 51. Kf3 Ra4 52. Ke3 Rh4 53. Rb8 Rh3+ 54. Ke2 g5 55. Rf8+ Ke4 56. Ra8 Rh2+ 57. Ke1 Kf4 58. Ra3 e4 59. Ra8 g4 60. Kf1 g3 61. Rf8+ Ke3 62. Kg1 Rf2 63. Ra8 Kf3 64. Rf8+ Ke2 65. Ra8 e3 66. Ra1 Kf3 67. Re1 Rg2+ 68. Kh1 Rd2 69. Kg1 e2 0-1

[Event "Srem-ch LKS Piast"]
[Site "Srem"]
[Date "2014.02.??"]
[Round "3.4"]
[White "Hoffmann, Piotr"]
[Black "Kaczmarek, Piotr"]
[Result "1-0"]
[WhiteElo "1729"]
[BlackElo "1878"]
[PlyCount "58"]
[EventDate "2014.02.22"]
[EventType "tourn"]
[EventRounds "9"]
[EventCountry "POL"]
[SourceTitle "EXT 2023"]
[Source "ChessBase"]
[SourceDate "2022.10.05"]
[SourceVersion "1"]
[SourceVersionDate "2022.10.05"]
[SourceQuality "1"]

1. e4 d6 2. d4 Nf6 3. Nc3 Nbd7 4. Nf3 e5 5. d5 Be7 6. Be2 0-0 7. 0-0 c6 8. a4 a5 9. Nd2 Nc5 10. f3 Nh5 11. Nc4 Nf4 12. Be3 cxd5 13. Nxd5 Nxd5 14. Qxd5 Be6 15. Qd2 Qc7 16. b4 d5 17. exd5 Rfd8 18. d6 Bxc4 19. dxc7 Rxd2 20. Bxc4 Rd7 21. Rfd1 Rxc7 22. Rd5 Ne6 23. Rad1 Nd4 24. c3 Nc6 25. Bb6 Rcc8 26. Rd7 Rab8 27. R1d5 Bd8 28. Rb5 Bxb6+ 29. Rxb6 Nd8 1-0